| 000 | 00775nam a2200241 a 4500 | ||
|---|---|---|---|
| 001 | BRL_665 | ||
| 005 | 20190320210837.0 | ||
| 008 | 230913s1954----sp-a######---#000-0#spa-# | ||
| 041 | _aspa | ||
| 044 | _asp | ||
| 050 | 4 |
_aND673 _b.S74 1954 |
|
| 100 | 1 |
_aStechow, Wolfgang _924577 |
|
| 245 | 1 | 0 |
_aPedro Brueghel, el viejo, hacia 1525-1569 _ctexto de Wolfgang Stechow ; Versión castellana de R. Santos Torroella. |
| 260 |
_aBarcelona _bEditorial Argos _c1954 |
||
| 300 |
_a[12] p. _bil., 48 láminas _c17 cm. |
||
| 440 | 0 |
_aEl libro de Arte de bolsillo _924578 |
|
| 500 | _aAu723 | ||
| 500 | _aEstado físico: desprendimiento de la pasta. | ||
| 600 | 1 | 4 |
_aBruegel, Pieter _d1525-1569 _924579 |
| 700 | 1 |
_aSantos Torroella, R. _etr. _924580 |
|
| 902 | _aGRL | ||
| 942 |
_2lcc _cB |
||
| 999 |
_c9477 _d9477 |
||